000 01416nam a2200313 i 4500
005 20230726220502.0
008 230726s2017 ck o gr 000 0dspa d
020 _a9789587204278
040 _aCO-PeBPR
_cCO-PeBPR
_erda
041 _aspa
082 0 4 _a864.44
_bE71b
100 1 _911029
_aEscobar Mesa, Augusto
_eautor
245 1 4 _aLas búsquedas literarias de Héctor Abad Faciolince:
_bAngosta, El olvido que seremos, El amanecer de un marido y La oculta
_cAugusto Escobar Mesa
250 _aPrimera edición
264 0 1 _aMedellín
_bEditorial EAFIT
_c2017
300 _a407 páginas
_bfotografías a color
_c24 cm
336 _atexto
_btxt
_2rdacontent
337 _asin mediación
_bn
_2rdamedia
338 _avolumen
_bnc
_2rdacarrier
500 _aIncluye datos curriculares del autor
504 _aContiene bibliografía (páginas: 387 - 407
600 0 _910566
_aAbad Faciolince, Héctor
_d1958 -
_xCrítica e Interpretación
600 0 _910566
_aAbad Faciolince, Héctor
_d1958 -
_cAngosta
600 0 _910566
_aAbad Faciolince, Héctor
_d1958 -
_cEl olvido que seremos
600 0 _910566
_aAbad Faciolince, Héctor
_d1958 -
_cEl amanecer de un marido
600 0 _910566
_aAbad Faciolince, Héctor
_d1958 -
_cLa Oculta
830 _aDotación MinCultura - BNC / Sala de Patrimonio Bibliográfico y Documental de Risaralda
942 _2ddc
_cBK
_h864.44 E71b
_k864.44
_mE71b
999 _c16875
_d16875